Fußballmannschaften die José Mourinho trainiert hat - Statistiken

Allgemein
  • Dieses Quiz wurde 82 mal gespielt
    6 seit der letzten Aktualisierung
  • Das Durchschnittsergebnis liegt bei 10 aus 12
Antwortstatistiken
Amtszeit Spiele PPS Antwort % Korrekt
18.09.25 bis heute 25 2,00 Benfica Lissabon
100%
20.09.00 bis 05.12.00 10 1,80 Benfica Lissabon
100%
23.01.02 bis 30.06.04 127 2,32 FC Porto
100%
01.07.24 bis 29.08.25 62 2,02 Fenerbahce Istanbul
100%
01.07.10 bis 30.06.13 178 2,30 Real Madrid
100%
01.07.13 bis 17.12.15 136 1,96 FC Chelsea
83%
01.07.04 bis 20.09.07 185 2,22 FC Chelsea
83%
01.07.16 bis 18.12.18 144 1,97 Manchester United
83%
20.11.19 bis 19.04.21 86 1,77 Tottenham Hotspur
83%
01.07.21 bis 16.01.24 138 1,70 AS Rom
67%
01.07.08 bis 30.06.10 108 2,12 Inter Mailand
67%
01.07.01 bis 22.01.02 20 1,70 UD Leiria
17%
Keine übereinstimmenden Quizze gefunden
Verteilung der Resultate
Anzahl Personen mit jedem Resultat
Perzentil nach korrekt beantworteten Fragen
Ihre Resultats-Entwicklung
Sie haben dieses Quiz seit der letzten Aktualisierung nicht gespielt